000 00315nam a2200133Ia 4500
005 20251222143121.0
008 251222s9999||||xx |||||||||||||| ||spa||
020 _a84-01-01441-7
082 _a818.5/C68U
100 _aClark, Mary Higgins
245 0 _aEl Último Adiós
264 _bPlaza & Janés
942 _cLIB
999 _c11534
_d11534